The life cycle library : (Record no. 344550)
[ view plain ]
| 000 -LEADER | |
|---|---|
| fixed length control field | 00609nam a2200241Ia 4500 |
| 008 - FIXED-LENGTH DATA ELEMENTS--GENERAL INFORMATION | |
| fixed length control field | 171025s9999 xx 000 0 und d |
| 050 ## - LIBRARY OF CONGRESS CALL NUMBER | |
| Classification number | 612 |
| 050 ## - LIBRARY OF CONGRESS CALL NUMBER | |
| Item number | P228 1969 |
| 100 ## - MAIN ENTRY--PERSONAL NAME | |
| Personal name | Parent and Child Institute. |
| 245 #4 - TITLE STATEMENT | |
| Title | The life cycle library : |
| 245 ## - TITLE STATEMENT | |
| Remainder of title | for young people / |
| 245 ## - TITLE STATEMENT | |
| Statement of responsibility, etc | Parent and Child Institure. |
| 260 ## - PUBLICATION, DISTRIBUTION, ETC. (IMPRINT) | |
| Place of publication, distribution, etc | USA : |
| 260 ## - PUBLICATION, DISTRIBUTION, ETC. (IMPRINT) | |
| Name of publisher, distributor, etc | Parent and child institute, |
| 260 ## - PUBLICATION, DISTRIBUTION, ETC. (IMPRINT) | |
| Date of publication, distribution, etc | 1969 |
| 300 ## - PHYSICAL DESCRIPTION | |
| Extent | 367 pages : |
| 300 ## - PHYSICAL DESCRIPTION | |
| Other physical details | some color illustrations ; |
| 300 ## - PHYSICAL DESCRIPTION | |
| Dimensions | 24cm. |
| 650 ## - SUBJECT ADDED ENTRY--TOPICAL TERM | |
| Topical term or geographic name as entry element | Drug abuse. |
| 650 ## - SUBJECT ADDED ENTRY--TOPICAL TERM | |
| Topical term or geographic name as entry element | Health. |
| 650 ## - SUBJECT ADDED ENTRY--TOPICAL TERM | |
| Topical term or geographic name as entry element | Human physiology. |
| 700 ## - ADDED ENTRY--PERSONAL NAME | |
| Personal name | Title. |
| Withdrawn status | Lost status | Damaged status | Home library | Current library | Date acquired | Total Checkouts | Full call number | Barcode | Date last seen | Price effective from | Koha item type |
|---|---|---|---|---|---|---|---|---|---|---|---|
| Stonyhurst Southville International School (Malarayat) | Stonyhurst Southville International School (Malarayat) | 10/25/2017 | SHS 612 P228 1969 | SSISM3603 | 10/25/2017 | 10/25/2017 | Books |